[Event "14th EUR-ch"]
[Site "Legnica POL"]
[Date "2013.05.09"]
[Round "5"]
[White "Korobov, Anton"]
[Black "Nyback, Tomi"]
[Result "1-0"]
[WhiteElo "2705"]
[BlackElo "2593"]
[EventDate "2013.05.05"]
[PlyCount "129"]

1.e4 e5 2.Nf3 Nc6 3.d4 exd4 4.Nxd4 Bc5 5.Nb3 Bb4+ 6.c3 Be7 7.Bf4 d6 8.N1d2
Nf6 9.Be2 O-O 10.O-O Re8 11.Qc2 Bf8 12.Rad1 Ne5 13.Bg3 Bd7 14.h3 c6 15.f4 
Ng6 16.Bf3 Qc7 17.Nc1 Rad8 18.Rfe1 Kh8 19.Nd3 d5 20.e5 Ng8 21.c4 dxc4 22.
Nxc4 Bf5 23.Ne3 Nh6 24.Bh5 Qa5 25.Nxf5 Nxf5 26.Bf2 Qxa2 27.Nc1 Qe6 28.Bg4 
Nge7 29.Ne2 g6 30.Bf3 Nd5 31.Qe4 Nd6 32.Qb1 Nb5 33.Bh4 Bc5+ 34.Kh1 Rb8 35.
Bg4 f5 36.exf6 Qf7 37.f5 g5 38.Bxg5 Nxf6 39.Bf3 Bf2 40.Rf1 Be3 41.Bh4 Rbd8
42.Rxd8 Rxd8 43.Rd1 Rxd1+ 44.Qxd1 Kg7 45.Qd3 Bb6 46.g4 h6 47.Bg3 Bc7 48.h4
Bxg3 49.Nxg3 Qc7 50.Kg2 Qf4 51.Qd8 Qd6 52.Qa8 Qd2+ 53.Kh3 Nd6 54.Qd8 Qf4 
55.Qe7+ Nf7 56.Bd1 Qd6 57.Qxd6 Nxd6 58.g5 hxg5 59.hxg5 Nfe4 60.Nxe4 Nxe4 
61.Kh4 c5 62.Bf3 Nd6 63.f6+ Kg6 64.Bh5+ Kh7 65.Kg4 1-0

[Event "14th EUR-ch"]
[Site "Legnica POL"]
[Date "2013.05.09"]
[Round "5"]
[White "Eljanov, Pavel"]
[Black "Roiz, Michael"]
[Result "1-0"]
[WhiteElo "2702"]
[BlackElo "2617"]
[EventDate "2013.05.05"]
[PlyCount "91"]

1.Nf3 d5 2.c4 e6 3.b3 Nf6 4.g3 Be7 5.Bg2 O-O 6.Bb2 c5 7.O-O Nc6 8.e3 b6 9.
Nc3 Ba6 10.d3 Rc8 11.Qe2 Qc7 12.Ne1 Qd7 13.Nc2 Nb4 14.e4 d4 15.Nd1 Nxc2 
16.Qxc2 Ne8 17.f4 f5 18.Nf2 Bb7 19.Qe2 Nd6 20.Bc1 Rce8 21.Bd2 Nf7 22.Rab1 
a5 23.a3 Bd6 24.b4 axb4 25.axb4 e5 26.bxc5 bxc5 27.Qh5 g6 28.Qh3 exf4 29.
gxf4 Ba8 30.Ra1 Be7 31.Ra6 Bc6 32.e5 Bxg2 33.Qxg2 Bh4 34.Rfa1 Bxf2+ 35.
Kxf2 Kh8 36.Ra7 Qd8 37.Ke2 Qh4 38.Kd1 Nd8 39.Rd7 Re7 40.Qd5 Ne6 41.Raa7 
Rff7 42.Kc2 Kg8 43.Qd6 Rxd7 44.Rxd7 Nf8 45.Rd8 Kg7 46.Re8 1-0

[Event "14th EUR-ch"]
[Site "Legnica POL"]
[Date "2013.05.09"]
[Round "5"]
[White "Bartel, Mateusz"]
[Black "Jobava, Baadur"]
[Result "1/2-1/2"]
[WhiteElo "2619"]
[BlackElo "2702"]
[EventDate "2013.05.05"]
[PlyCount "70"]

1.e4 c5 2.Nf3 Nc6 3.Bb5 e5 4.O-O Bd6 5.c3 Nge7 6.d4 cxd4 7.cxd4 exd4 8.
Nxd4 a6 9.Be2 O-O 10.Be3 Be5 11.Nc3 d5 12.exd5 Nxd5 13.Nxd5 Nxd4 14.Bxd4 
Qxd5 15.Bc3 Qxd1 16.Rfxd1 Bxc3 17.bxc3 Be6 18.Bf3 Rab8 19.Rab1 b5 20.Rd6 
Bxa2 21.Ra1 Bc4 22.Rdxa6 g5 23.h4 gxh4 24.Rh6 Bd3 25.Rxh4 Rfc8 26.Ra3 Rc4 
27.Rxc4 Bxc4 28.Kh2 Kg7 29.Kg3 Be6 30.Kf4 b4 31.cxb4 Rxb4+ 32.Kg3 Rb8 33.
Kf4 Rb4+ 34.Kg3 Rb8 35.Kf4 Rb4+ 1/2-1/2

[Event "14th EUR-ch"]
[Site "Legnica POL"]
[Date "2013.05.09"]
[Round "5"]
[White "Rakhmanov, Aleksandr"]
[Black "Vallejo Pons, Francisco"]
[Result "0-1"]
[WhiteElo "2616"]
[BlackElo "2695"]
[EventDate "2013.05.05"]
[PlyCount "130"]

1.d4 Nf6 2.Nf3 e6 3.e3 d5 4.Bd3 c5 5.O-O c4 6.Be2 b5 7.b3 Bb7 8.Nc3 a6 9.
Ne5 Qc7 10.Bd2 Nc6 11.f4 Bd6 12.Bf3 Ne7 13.Rb1 b4 14.Na4 c3 15.Be1 O-O 16.
Bh4 Ne4 17.Bxe4 dxe4 18.Nc4 f6 19.Nxd6 Qxd6 20.Nc5 Bd5 21.a3 a5 22.Ra1 Nf5
23.Qe1 e5 24.fxe5 fxe5 25.axb4 exd4 26.Bg3 Qh6 27.Bf4 g5 28.Be5 Nxe3 29.
Rxf8+ Rxf8 30.Qe2 axb4 31.Bxd4 Nf5 32.Be3 Qc6 33.Rf1 h6 34.Ra1 Ra8 35.Rf1 
Rf8 36.Ra1 Nxe3 37.Qxe3 Rc8 38.Na4 Bf7 39.Rd1 Qf6 40.Nb6 Re8 41.Nd7 Qg7 
42.Rf1 Kh8 43.Nf6 Rf8 44.Nd7 Rd8 45.Nc5 Bg8 46.h4 gxh4 47.Rf4 Qg3 48.Qxe4 
Qg5 49.Nd3 Bh7 50.Qe5+ Qxe5 51.Nxe5 Rd1+ 52.Kh2 Bxc2 53.Nc6 Bxb3 54.Nxb4 
c2 55.Nxc2 Bxc2 56.Rxh4 Kg7 57.Rc4 Bg6 58.Rb4 Rd3 59.Rh4 Bf7 60.Rg4+ Kf6 
61.Rf4+ Kg6 62.Rg4+ Kf5 63.Rg7 Bd5 64.Rh7 Kg6 65.Rd7 Rd2 0-1

[Event "14th EUR-ch"]
[Site "Legnica POL"]
[Date "2013.05.09"]
[Round "5"]
[White "Movsesian, Sergei"]
[Black "Andriasian, Zaven"]
[Result "1/2-1/2"]
[WhiteElo "2693"]
[BlackElo "2608"]
[EventDate "2013.05.05"]
[PlyCount "118"]

1.c4 e5 2.g3 Nc6 3.Bg2 g6 4.Nc3 Bg7 5.Nf3 d6 6.O-O Be6 7.d3 Nf6 8.Rb1 a5 
9.a3 O-O 10.b4 axb4 11.axb4 h6 12.b5 Ne7 13.Bb2 Qc8 14.Re1 Nh5 15.b6 cxb6 
16.Qb3 Qd8 17.Nd2 Nc6 18.Nd5 Ra6 19.Bc3 Bxd5 20.cxd5 Na5 21.Qb4 Nf6 22.Bb2
Re8 23.Rec1 Bf8 24.Rc2 Nd7 25.d4 b5 26.Qxb5 exd4 27.Bxd4 Bg7 28.Bxg7 Kxg7 
29.Ra1 Nc5 30.Rca2 b6 31.Ne4 Ra8 32.Nxc5 dxc5 33.d6 Ra7 34.Rd2 Re6 35.d7 
c4 36.Qb2+ Kh7 37.Rad1 Nb3 38.Rd5 Nc5 39.Qd4 Rxe2 40.Bh3 Re4 41.Qc3 Re7 
42.Qxc4 f5 43.g4 Raxd7 44.gxf5 Rxd5 45.fxg6+ Kg7 46.Rxd5 Re1+ 47.Kg2 Qf6 
48.Rd6 Re4 49.Rxf6 Rxc4 50.Rxb6 Rf4 51.Rb5 Ne4 52.Rb4 Rxf2+ 53.Kg1 Re2 54.
Bf5 Nd6 55.Bd3 Re7 56.Kf2 Ne8 57.Kf3 Nf6 58.Rc4 Nd7 59.Rd4 Ne5+ 1/2-1/2

[Event "14th EUR-ch"]
[Site "Legnica POL"]
[Date "2013.05.09"]
[Round "5"]
[White "Volkov, Sergei"]
[Black "Berkes, Ferenc"]
[Result "1/2-1/2"]
[WhiteElo "2610"]
[BlackElo "2688"]
[EventDate "2013.05.05"]
[PlyCount "227"]

1.d4 Nf6 2.c4 e6 3.Nc3 Bb4 4.e3 O-O 5.Ne2 d5 6.a3 Be7 7.Ng3 Re8 8.b4 c6 9.
Bb2 Nbd7 10.Qb3 e5 11.Nf5 exd4 12.Nxd4 c5 13.bxc5 Nxc5 14.Qc2 Ne6 15.Nf5 
d4 16.Rd1 Qa5 17.Nxd4 Nxd4 18.Rxd4 Bxa3 19.Bd3 Bxb2 20.Qxb2 Bf5 21.Bxf5 
Qxf5 22.O-O b6 23.Rfd1 h6 24.h3 Qe5 25.Qb3 Rac8 26.Qa4 Qb8 27.Qa6 Rcd8 28.
Nd5 Ne4 29.Ne7+ Kh7 30.Nd5 Kh8 31.Ra1 Rd7 32.Qb5 Qd8 33.Rad1 Nc5 34.Nc3 
Ree7 35.Na4 Rxd4 36.Rxd4 Qc8 37.Nxc5 Qxc5 38.Rd8+ Kh7 39.Qb1+ g6 40.Qa1 
Qe5 41.Qxe5 Rxe5 42.Rd7 Kg7 43.Rxa7 Rc5 44.Ra4 b5 45.cxb5 Rxb5 46.g3 h5 
47.h4 Rb2 48.Kg2 Kf6 49.Kf3 Rc2 50.Ra6+ Kg7 51.Ra3 Kf6 52.e4 Rb2 53.Ke3 
Kg7 54.e5 Rb4 55.Ra7 Kf8 56.Rd7 Ra4 57.Rd4 Ra2 58.f3 Ke7 59.Rb4 Ra6 60.Kf4
f6 61.g4 hxg4 62.fxg4 Ke6 63.exf6 Kxf6 64.g5+ Kf7 65.Ke5 Ra5+ 66.Kd6 Ra6+ 
67.Kd7 Ra7+ 68.Kc6 Ra6+ 69.Kb5 Ra1 70.Rf4+ Kg7 71.Rc4 Kf7 72.Rf4+ Kg7 73.
Rd4 Kf7 74.Kc5 Ra5+ 75.Kd6 Ra6+ 76.Ke5 Ra5+ 77.Rd5 Ra7 78.Rb5 Re7+ 79.Kf4 
Ra7 80.Rb4 Rc7 81.Ra4 Rb7 82.Ke4 Re7+ 83.Kd5 Rd7+ 84.Ke5 Re7+ 85.Kd6 Re6+ 
86.Kd5 Re7 87.Rf4+ Kg7 88.Rd4 Kf7 89.Rf4+ Kg7 90.Kd6 Re1 91.Rc4 Rd1+ 92.
Ke5 Re1+ 93.Kd5 Rd1+ 94.Rd4 Ra1 95.Ke6 Re1+ 96.Kd7 Kf7 97.Kd8 Re8+ 98.Kc7 
Re1 99.Kd6 Re6+ 100.Kd5 Re1 101.Rf4+ Kg7 102.Re4 Ra1 103.Re7+ Kf8 104.Rb7 
Re1 105.Rd7 Re2 106.Rc7 Re1 107.Rc4 Kf7 108.Rf4+ Kg7 109.Re4 Ra1 110.Re7+ 
Kf8 111.Re6 Kf7 112.Rf6+ Kg7 113.Rc6 Re1 114.Rc7+ 1/2-1/2

[Event "14th EUR-ch"]
[Site "Legnica POL"]
[Date "2013.05.09"]
[Round "5"]
[White "Grachev, Boris"]
[Black "Macieja, Bartlomiej"]
[Result "1-0"]
[WhiteElo "2687"]
[BlackElo "2600"]
[EventDate "2013.05.05"]
[PlyCount "145"]

1.Nf3 c5 2.c4 Nf6 3.Nc3 Nc6 4.e3 g6 5.d4 cxd4 6.exd4 d5 7.cxd5 Nxd5 8.Qb3 
Nxc3 9.Bc4 Nd5 10.Bxd5 e6 11.Bxc6+ bxc6 12.O-O Qd5 13.Be3 Qxb3 14.axb3 Bg7
15.Rfc1 O-O 16.h4 Bd7 17.Bf4 Rfd8 18.Bc7 Rdc8 19.Bd6 Bf8 20.Bxf8 Kxf8 21.
Ne5 Be8 22.Nd3 Rd8 23.Rc4 c5 24.Nxc5 Bb5 25.Rb4 a6 26.f4 h5 27.Kf2 Rac8 
28.Ke3 Rc6 29.g3 Kg7 30.Rc4 Bxc4 31.bxc4 Rb8 32.b3 f6 33.Ra5 Kf7 34.Kd3 
Ke7 35.Kc3 Rbb6 36.b4 Ke8 37.Ne4 Ke7 38.Kb3 Rb8 39.c5 Rd8 40.Kc4 Rd7 41.
Nc3 Rb7 42.Ra1 Ke8 43.Ne4 Ke7 44.Nd2 Rb8 45.Nb3 Kf7 46.Kc3 Rd8 47.Na5 Rcc8
48.Nc4 Ra8 49.Nb6 Ra7 50.b5 e5 51.fxe5 fxe5 52.d5 Rc7 53.Kb4 axb5 54.d6 
Rc6 55.Ra7+ Kf6 56.Nd5+ Ke6 57.Nc7+ Kf5 58.Nxb5 Kg4 59.Kc4 e4 60.Kd5 Rcc8 
61.c6 Kxg3 62.c7 Kxh4 63.cxd8=Q+ Rxd8 64.Nd4 e3 65.Re7 g5 66.Nc6 Rxd6+ 67.
Kxd6 Kg4 68.Nd4 Kf4 69.Kd5 h4 70.Re4+ Kg3 71.Nf5+ Kf3 72.Nxe3 h3 73.Ng4 
1-0

[Event "14th EUR-ch"]
[Site "Legnica POL"]
[Date "2013.05.09"]
[Round "5"]
[White "Sargissian, Gabriel"]
[Black "Salgado Lopez, Ivan"]
[Result "1-0"]
[WhiteElo "2667"]
[BlackElo "2598"]
[EventDate "2013.05.05"]
[PlyCount "61"]

1.Nf3 g6 2.e4 c5 3.d4 cxd4 4.Qxd4 Nf6 5.Bb5 a6 6.e5 axb5 7.exf6 Nc6 8.Qd3 
b4 9.O-O e5 10.Nbd2 d6 11.c3 Qxf6 12.Ne4 Qe6 13.Nfg5 Qe7 14.Nxh7 f5 15.
Nef6+ Kf7 16.Bg5 Bg7 17.Nd5 e4 18.Qd2 Qd7 19.Nb6 Qe6 20.Nxa8 Rxh7 21.Nb6 
Be5 22.h4 bxc3 23.bxc3 Rh8 24.Rab1 Kg7 25.Rfd1 f4 26.Nxc8 Qxc8 27.Bxf4 
Rxh4 28.Bxe5+ Nxe5 29.Qxd6 Rh5 30.Qe7+ Kh6 31.Rd8 1-0

[Event "14th EUR-ch"]
[Site "Legnica POL"]
[Date "2013.05.09"]
[Round "5"]
[White "Hovhannisian, Robert"]
[Black "Fedorchuk, Serhii"]
[Result "1/2-1/2"]
[WhiteElo "2607"]
[BlackElo "2660"]
[EventDate "2013.05.05"]
[PlyCount "125"]

1.e4 e5 2.Nf3 Nc6 3.Bb5 Nf6 4.O-O Nxe4 5.d4 Nd6 6.Bxc6 dxc6 7.dxe5 Nf5 8.
Qxd8+ Kxd8 9.h3 h6 10.Rd1+ Ke8 11.Nc3 Ne7 12.Bf4 Bd7 13.Bh2 Rd8 14.Nd4 Nf5
15.e6 Bxe6 16.Nxe6 fxe6 17.Bxc7 Rd7 18.Bb8 Bc5 19.Ne4 Bb6 20.g4 Rd4 21.
Rxd4 Nxd4 22.Rd1 Kf7 23.Bc7 e5 24.Bxb6 axb6 25.c3 Ne2+ 26.Kf1 Nf4 27.Rd7+ 
Ke6 28.Rxb7 Rd8 29.Kg1 Rd1+ 30.Kh2 Re1 31.Ng3 b5 32.Rxg7 Rb1 33.Nh5 Nxh5 
34.gxh5 Rxb2 35.Kg3 c5 36.Rg6+ Kf7 37.Rxh6 Rc2 38.Rh7+ Kf6 39.h6 Kg6 40.
Rb7 Rxc3+ 41.Kg2 Kxh6 42.Rxb5 Kg5 43.Rb3 Rc2 44.Rg3+ Kf6 45.a3 c4 46.Rf3+ 
Kg6 47.Re3 Kf6 48.Rf3+ Kg6 49.Rg3+ Kf6 50.h4 Rb2 51.h5 Rb3 52.Rg6+ Kf7 53.
a4 c3 54.Rc6 Ra3 55.Rc7+ Kf6 56.h6 Rxa4 57.Rxc3 Kg6 58.Rc6+ Kh7 59.Kg3 Rb4
60.Re6 Re4 61.f3 Ra4 62.Kf2 Ra3 63.Kg3 1/2-1/2

[Event "14th EUR-ch"]
[Site "Legnica POL"]
[Date "2013.05.09"]
[Round "5"]
[White "Zhigalko, Sergei"]
[Black "Gagunashvili, Merab"]
[Result "1/2-1/2"]
[WhiteElo "2660"]
[BlackElo "2592"]
[EventDate "2013.05.05"]
[PlyCount "100"]

1.e4 c6 2.d4 d5 3.e5 Bf5 4.Nf3 e6 5.Be2 c5 6.O-O Nc6 7.c3 cxd4 8.Nxd4 Nxd4
9.cxd4 Ne7 10.Nc3 Nc6 11.g4 Bg6 12.f4 f5 13.exf6 Qxf6 14.f5 exf5 15.Nxd5 
Qxd4+ 16.Be3 Qxd1 17.Raxd1 O-O-O 18.gxf5 Bf7 19.Bc4 Bd6 20.f6 gxf6 21.Rxf6
Rhf8 22.b3 Bg8 23.Nb6+ axb6 24.Rdxd6 Rxf6 25.Rxf6 Bxc4 26.bxc4 Ne5 27.Rf4 
Rd1+ 28.Kg2 Ra1 29.Re4 Rxa2+ 30.Kg3 Nf7 31.Bxb6 Nd6 32.Rf4 Ra3+ 33.Kg4 Ra4
34.c5 Rxf4+ 35.Kxf4 Nc4 36.Ba7 b5 37.cxb6 Kb7 38.Kg5 Ne5 39.h3 Ng6 40.Kh6 
Nf4 41.h4 Ng2 42.h5 Nf4 43.Kg5 Nxh5 44.Kxh5 h6 45.Kxh6 Ka8 46.Kg6 Kb7 47.
Kf5 Ka8 48.Ke5 Kb7 49.Kd6 Ka8 50.b7+ Kxb7 1/2-1/2

[Event "14th EUR-ch"]
[Site "Legnica POL"]
[Date "2013.05.09"]
[Round "5"]
[White "Siugirov, Sanan"]
[Black "Ipatov, Alexander"]
[Result "1/2-1/2"]
[WhiteElo "2654"]
[BlackElo "2588"]
[EventDate "2013.05.05"]
[PlyCount "80"]

1.d4 Nf6 2.c4 e6 3.Nf3 d5 4.Nc3 Nbd7 5.g3 dxc4 6.Bg2 Be7 7.O-O O-O 8.e4 a6
9.a4 c5 10.d5 exd5 11.e5 d4 12.exf6 Nxf6 13.Nb1 Be6 14.Na3 b5 15.Ne5 Bd5 
16.Nc6 Qd7 17.Nxe7+ Qxe7 18.Bg5 Bxg2 19.Kxg2 h6 20.Bxf6 Qxf6 21.Qf3 Qxf3+ 
22.Kxf3 Rab8 23.axb5 axb5 24.Rfc1 c3 25.bxc3 dxc3 26.Rxc3 b4 27.Rxc5 bxa3 
28.Rxa3 Rfc8 29.Rxc8+ Rxc8 30.Kg2 Kf8 31.Kf3 Kg8 32.Kg2 Kf8 33.Kf3 Kg8 34.
h4 h5 35.Re3 g6 36.Kg2 Kg7 37.Rf3 Rc6 38.Re3 Kf6 39.Rf3+ Kg7 40.Re3 Kf6 
1/2-1/2

[Event "14th EUR-ch"]
[Site "Legnica POL"]
[Date "2013.05.09"]
[Round "5"]
[White "Socko, Bartosz"]
[Black "Kulaots, Kaido"]
[Result "1/2-1/2"]
[WhiteElo "2647"]
[BlackElo "2586"]
[EventDate "2013.05.05"]
[PlyCount "111"]

1.c4 e5 2.g3 c6 3.d4 Bb4+ 4.Bd2 Bxd2+ 5.Qxd2 d6 6.Nc3 Nf6 7.Bg2 O-O 8.dxe5
dxe5 9.Qxd8 Rxd8 10.Nf3 Re8 11.O-O Na6 12.Rfd1 Bf5 13.Nd2 Red8 14.Nb3 
Rxd1+ 15.Rxd1 Bc2 16.Ra1 Rc8 17.Na5 Rc7 18.a3 Nc5 19.Rc1 Bb3 20.Bh3 Kf8 
21.Nb1 Ba4 22.b4 b6 23.bxc5 bxa5 24.f3 Re7 25.Kf2 Re8 26.Ke3 Rb8 27.Nd2 
Ke7 28.Rb1 Rxb1 29.Nxb1 Bc2 30.Nc3 Ne8 31.Kd2 Bg6 32.f4 f6 33.Bg2 Kd7 34.
fxe5 fxe5 35.Be4 Bxe4 36.Nxe4 Nc7 37.Nf2 Ne6 38.Nd3 e4 39.Ne5+ Kc7 40.Ke3 
Nxc5 41.Kd4 Nb3+ 42.Kxe4 a4 43.Kd3 Kd6 44.Nf7+ Ke7 45.Ng5 h6 46.Nf3 Kd6 
47.e4 Nc5+ 48.Ke3 Nd7 49.Kd4 c5+ 50.Ke3 Ne5 51.Nd2 Ke6 52.h3 Kf6 53.Ke2 
Ke6 54.Ke3 Kf6 55.Ke2 Ke6 56.Ke3 1/2-1/2

[Event "14th EUR-ch"]
[Site "Legnica POL"]
[Date "2013.05.09"]
[Round "5"]
[White "Zhigalko, Andrei"]
[Black "Petrosian, Tigran L."]
[Result "1/2-1/2"]
[WhiteElo "2603"]
[BlackElo "2645"]
[EventDate "2013.05.05"]
[PlyCount "131"]

1.c4 e5 2.g3 Nf6 3.Bg2 c6 4.Nf3 e4 5.Nd4 d5 6.d3 Bc5 7.Nb3 Bb4+ 8.Bd2 
Bxd2+ 9.Qxd2 dxc4 10.dxc4 Qxd2+ 11.N1xd2 e3 12.fxe3 Nbd7 13.h3 Kd8 14.Na5 
Kc7 15.b4 Re8 16.Kf2 Ne5 17.Nab3 Bf5 18.Rac1 a5 19.b5 a4 20.Nd4 Bd7 21.Rc3
Ra5 22.Rhc1 c5 23.N4f3 Raa8 24.Ra3 Kb6 25.Nxe5 Rxe5 26.Nb1 Kc7 27.Nc3 Be6 
28.Rxa4 Rxa4 29.Nxa4 b6 30.Nb2 Ne4+ 31.Bxe4 Rxe4 32.Kf3 f5 33.g4 g6 34.a4 
Kb8 35.gxf5 Bxf5 36.Nd1 Kc7 37.Nf2 Re8 38.e4 Be6 39.Nd3 g5 40.a5 bxa5 41.
h4 gxh4 42.Nxc5 h3 43.Nxe6+ Rxe6 44.c5 Rh6 45.e5 a4 46.Ke4 h2 47.Rh1 a3 
48.Kd5 a2 49.b6+ Kd7 50.b7 Kc7 51.e6 Rh5+ 52.Kd4 Rh6 53.Ke5 Rh5+ 54.Kf6 
Rh4 55.e7 Re4 56.c6 Rxe2 57.Rd1 Re3 58.Kf7 Rf3+ 59.Ke6 Re3+ 60.Kf7 Rf3+ 
61.Ke8 Rd3 62.Ra1 Rf3 63.Rd1 Rd3 64.Ra1 Rf3 65.Rh1 Rf2 66.Ra1 1/2-1/2

[Event "14th EUR-ch"]
[Site "Legnica POL"]
[Date "2013.05.09"]
[Round "5"]
[White "Solak, Dragan"]
[Black "Balogh, Csaba"]
[Result "1/2-1/2"]
[WhiteElo "2602"]
[BlackElo "2644"]
[EventDate "2013.05.05"]
[PlyCount "33"]

1.e4 e5 2.Nf3 Nc6 3.Bb5 Nf6 4.O-O Nxe4 5.Re1 Nd6 6.Nxe5 Be7 7.Bf1 Nxe5 8.
Rxe5 O-O 9.d4 Bf6 10.Re1 Nf5 11.c3 d5 12.Bd3 c6 13.Bf4 Nh4 14.Bg3 Nf5 15.
Bf4 Nh4 16.Bg3 Nf5 17.Bf4 1/2-1/2

[Event "14th EUR-ch"]
[Site "Legnica POL"]
[Date "2013.05.09"]
[Round "5"]
[White "Svetuschin, Dumitru"]
[Black "Lysyi, Igor"]
[Result "1/2-1/2"]
[WhiteElo "2588"]
[BlackElo "2641"]
[EventDate "2013.05.05"]
[PlyCount "88"]

1.e4 e5 2.Nf3 Nc6 3.Bc4 Bc5 4.c3 Nf6 5.d4 exd4 6.e5 d5 7.Bb5 Ne4 8.cxd4 
Bb6 9.Nc3 O-O 10.Be3 Bg4 11.h3 Bh5 12.O-O f6 13.exf6 Nxc3 14.bxc3 Qxf6 15.
Be2 Rae8 16.a4 Qd6 17.Re1 Kh8 18.Qc2 Bg6 19.Bd3 Bxd3 20.Qxd3 Kg8 21.Re2 
Re7 22.Bg5 Rxe2 23.Qxe2 h6 24.Bh4 Ba5 25.Qb2 Qd7 26.Bg3 Bb6 27.Ne5 Nxe5 
28.Bxe5 c6 29.Re1 Bd8 30.Re2 a5 31.Qb1 Rf7 32.Qg6 Qf5 33.Qxf5 Rxf5 34.Bd6 
Kf7 35.f4 Rf6 36.Be5 Re6 37.Rb2 Re7 38.Kf2 b5 39.axb5 Rb7 40.b6 Rxb6 41.
Rxb6 Bxb6 42.Ke2 h5 43.g4 hxg4 44.hxg4 g6 1/2-1/2

[Event "14th EUR-ch"]
[Site "Legnica POL"]
[Date "2013.05.09"]
[Round "5"]
[White "Kotronias, Vasilios"]
[Black "Postny, Evgeny"]
[Result "1-0"]
[WhiteElo "2580"]
[BlackElo "2637"]
[EventDate "2013.05.05"]
[PlyCount "103"]

1.e4 e5 2.Nf3 Nc6 3.Bb5 a6 4.Ba4 Nf6 5.O-O Be7 6.d3 b5 7.Bb3 d6 8.a4 b4 9.
Nbd2 O-O 10.h3 Be6 11.Nc4 Nd7 12.Be3 Kh8 13.c3 bxc3 14.bxc3 f5 15.Ncd2 
Bxb3 16.Nxb3 Qe8 17.exf5 Rxf5 18.d4 e4 19.Nfd2 d5 20.Rc1 Bd6 21.c4 Nb4 22.
Qg4 Rf8 23.cxd5 Nf6 24.Qh4 Nbxd5 25.Nc5 Bxc5 26.Rxc5 Rd8 27.a5 Qe6 28.Re1 
Nxe3 29.fxe3 Qa2 30.Nc4 Nd5 31.Kh2 Rde8 32.Rxd5 Qxc4 33.Rc5 Qa2 34.Qg3 Rf3
35.Qxc7 Qf2 36.Rg5 Rf7 37.Qg3 Qd2 38.Rb1 h6 39.Re5 Ref8 40.Qe1 Qc2 41.Rc1 
Qb2 42.Qc3 Qb8 43.Qc6 Rf2 44.Qxe4 Ra2 45.Rb1 Qd8 46.Rb6 Rxa5 47.Rbe6 Qb8 
48.d5 Rb5 49.d6 Rb4 50.Qg6 Rb5 51.Re7 Rg8 52.R5e6 1-0

[Event "14th EUR-ch"]
[Site "Legnica POL"]
[Date "2013.05.09"]
[Round "5"]
[White "l`Ami, Erwin"]
[Black "Tratar, Marko"]
[Result "1-0"]
[WhiteElo "2634"]
[BlackElo "2498"]
[EventDate "2013.05.05"]
[PlyCount "89"]

1.d4 Nf6 2.c4 e5 3.dxe5 Ng4 4.Bf4 g5 5.Bg3 Bg7 6.Nf3 Nc6 7.h4 Ngxe5 8.hxg5
Nxf3+ 9.gxf3 Bxb2 10.Nd2 d6 11.Rb1 Bg7 12.f4 h6 13.gxh6 Rxh6 14.Rxh6 Bxh6 
15.Bg2 Kf8 16.e3 Bg7 17.Qh5 Qe8 18.Kf1 b6 19.Rb5 Bd7 20.Ne4 f6 21.Qh1 Rc8 
22.Nd2 Ne7 23.Rh5 Be6 24.Be4 Qa4 25.Kg2 Qxa2 26.Qc1 Bf7 27.Bb1 Qa6 28.Rh7 
Qb7+ 29.Kh2 Bg8 30.Rh4 Rd8 31.e4 c5 32.Nf1 a6 33.Ne3 b5 34.cxb5 axb5 35.e5
c4 36.Qd1 Qd7 37.exf6 Bxf6 38.Rh6 Bg7 39.Qh5 Qe8 40.Qh4 Bf7 41.f5 Be5 42.
Bxe5 dxe5 43.f6 Ng8 44.Rh8 Qc6 45.Qg5 1-0

[Event "14th EUR-ch"]
[Site "Legnica POL"]
[Date "2013.05.09"]
[Round "5"]
[White "Brkic, Ante"]
[Black "Lupulescu, Constantin"]
[Result "0-1"]
[WhiteElo "2575"]
[BlackElo "2634"]
[EventDate "2013.05.05"]
[PlyCount "136"]

1.e4 c6 2.d4 d5 3.exd5 cxd5 4.c4 Nf6 5.Nc3 Nc6 6.Nf3 Be6 7.c5 g6 8.Bb5 Bg7
9.Ne5 Bd7 10.Bxc6 Bxc6 11.O-O O-O 12.Re1 Nd7 13.Nxc6 bxc6 14.Qa4 e6 15.Bf4
Qc8 16.Rab1 Re8 17.Bd6 e5 18.Ne2 a5 19.dxe5 Nxe5 20.Nd4 Qg4 21.Qd1 Qxd4 
22.Qxd4 Nf3+ 23.gxf3 Bxd4 24.Rxe8+ Rxe8 25.Kf1 f6 26.a3 Be5 27.b4 axb4 28.
axb4 Bxd6 29.cxd6 Rd8 30.Ra1 Rxd6 31.Ra6 Kf7 32.b5 Ke7 33.bxc6 Kd8 34.Ra7 
Rxc6 35.Rxh7 Re6 36.Ra7 Ke8 37.Rb7 Re7 38.Rb5 Rd7 39.Ke2 Ke7 40.Rb6 Rd6 
41.Rb8 Ke6 42.Rg8 Kf5 43.h4 Ra6 44.Rd8 Ke5 45.f4+ Ke4 46.f5 Ra2+ 47.Ke1 
gxf5 48.h5 Ra1+ 49.Ke2 Rh1 50.Re8+ Kf4 51.Rd8 Ke4 52.Re8+ Kd4 53.Re6 Rxh5 
54.Rxf6 Ke5 55.Rf8 Rh6 56.Kf3 Rh3+ 57.Ke2 Ra3 58.Rh8 Ke4 59.Re8+ Kf4 60.
Rd8 Ra2+ 61.Ke1 Kf3 62.Rxd5 Ra1+ 63.Kd2 f4 64.Rd4 Rf1 65.Ra4 Rxf2+ 66.Ke1 
Kg2 67.Ra8 Rf1+ 68.Kd2 f3 0-1

[Event "14th EUR-ch"]
[Site "Legnica POL"]
[Date "2013.05.09"]
[Round "5"]
[White "Grigoriants, Sergei"]
[Black "Beliavsky, Alexander"]
[Result "0-1"]
[WhiteElo "2579"]
[BlackElo "2628"]
[EventDate "2013.05.05"]
[PlyCount "154"]

1.e4 e5 2.Nf3 Nc6 3.Bb5 a6 4.Ba4 Nf6 5.O-O Be7 6.d3 d6 7.c3 O-O 8.Re1 Nd7 
9.Be3 Kh8 10.Nbd2 Nb6 11.Bxb6 cxb6 12.Qe2 g5 13.Nf1 f5 14.exf5 Bxf5 15.d4 
b5 16.Bc2 Bxc2 17.Qxc2 g4 18.N3d2 exd4 19.cxd4 Bh4 20.Ng3 Nxd4 21.Qd3 Bf6 
22.Rad1 Be5 23.Re4 Qf6 24.Rxg4 Qxf2+ 25.Kh1 Nf5 26.Nde4 Qe3 27.Qd5 Nxg3+ 
28.hxg3 Qh6+ 29.Rh4 Qg7 30.Qd3 Rf7 31.Qe3 Rg8 32.b3 Qg6 33.Kh2 Rf5 34.Kg1 
Rh5 35.Rxh5 Qxh5 36.Rd5 Qf7 37.Qd3 Qg7 38.Qe3 Rf8 39.Nxd6 Bxg3 40.Nf7+ 
Qxf7 41.Qc3+ Qg7 42.Qxg7+ Kxg7 43.Rg5+ Kf6 44.Rxg3 Rc8 45.Rh3 Rc7 46.Kf1 
Ke5 47.Ke1 Rg7 48.g3 Kf5 49.Rh4 Kg5 50.a4 bxa4 51.bxa4 a5 52.Rd4 b6 53.Kf2
Rf7+ 54.Kg2 Rf6 55.Rd7 h6 56.Rd5+ Kg6 57.Kh3 Kf7 58.Rb5 Ke7 59.Kh4 Kd7 60.
Kh5 Kc6 61.Rb3 Rd6 62.Rc3+ Kb7 63.Rb3 Ka6 64.g4 Rd4 65.Ra3 b5 66.axb5+ 
Kxb5 67.Rb3+ Ka6 68.Rf3 Rd6 69.Rf5 a4 70.Re5 Kb7 71.Re7+ Kc6 72.Rf7 Kb5 
73.Rf5+ Kb4 74.Rf4+ Kb3 75.Rf8 Ra6 76.Rf3+ Kc4 77.Rf4+ Kd5 0-1

[Event "14th EUR-ch"]
[Site "Legnica POL"]
[Date "2013.05.09"]
[Round "5"]
[White "Hracek, Zbynek"]
[Black "Kreisl, Robert"]
[Result "1/2-1/2"]
[WhiteElo "2628"]
[BlackElo "2380"]
[EventDate "2013.05.05"]
[PlyCount "182"]

1.e4 c6 2.d4 d5 3.Nc3 dxe4 4.Nxe4 Bf5 5.Ng3 Bg6 6.h4 h6 7.Nf3 Nd7 8.h5 Bh7
9.Bd3 Bxd3 10.Qxd3 e6 11.Bd2 Ngf6 12.O-O-O Be7 13.Kb1 O-O 14.Ne4 c5 15.g4 
Nxg4 16.Qe2 Qb6 17.Ne5 Ndxe5 18.dxe5 f5 19.exf6 Nxf6 20.Rdg1 Nxe4 21.Qxe4 
Bf6 22.b3 c4 23.Bxh6 cxb3 24.axb3 Qd4 25.Qxd4 Bxd4 26.Rg4 Kh7 27.Bc1 Rad8 
28.h6 g6 29.Re4 Rxf2 30.Rxe6 Rf7 31.Rd1 Bb6 32.Rde1 Rdd7 33.b4 Bd8 34.Rg1 
Bf6 35.Bb2 Bxb2 36.Kxb2 Kxh6 37.Rexg6+ Kh7 38.R6g2 Rg7 39.Kb3 Kg8 40.Kc4 
Rxg2 41.Rxg2+ Kf7 42.Kb5 Rd5+ 43.Ka4 Ke8 44.Rg7 Rd7 45.Rg8+ Ke7 46.Ra8 Kd6
47.Kb5 Kc7 48.Rxa7 Rd5+ 49.Kc4 Rh5 50.Ra5 Rh4+ 51.Kb5 Rh5+ 52.Ka4 Rh1 53.
c4 Kb6 54.Rg5 Ra1+ 55.Kb3 Rb1+ 56.Ka3 Ra1+ 57.Kb2 Rh1 58.Rg6+ Ka7 59.Kb3 
Rh5 60.c5 Rh3+ 61.Ka4 Rh5 62.Rg8 Rf5 63.Rd8 Rh5 64.Kb3 Ka6 65.Rd6+ Ka7 66.
Kc4 Kb8 67.b5 Kc8 68.Rg6 Rh4+ 69.Kd5 Rh5+ 70.Kd6 Rh8 71.Kd5 Rh5+ 72.Kc4 
Rh4+ 73.Kc3 Rf4 74.Rd6 Rh4 75.Rd4 Rh1 76.Rg4 Rb1 77.Kc4 Rc1+ 78.Kb4 Ra1 
79.Rg7 Ra2 80.Rg8+ Kd7 81.Rg7+ Kc8 82.Rg3 Ra1 83.Re3 Kd7 84.Ra3 Rc1 85.Ra7
Kc8 86.Ra8+ Kc7 87.Ra3 Rb1+ 88.Kc4 Rc1+ 89.Rc3 Rb1 90.Rd3 Rc1+ 91.Kd5 b6 
1/2-1/2

[Event "14th EUR-ch"]
[Site "Legnica POL"]
[Date "2013.05.09"]
[Round "5"]
[White "Kovalev, Vladislav"]
[Black "Melkumian, Hrant"]
[Result "1-0"]
[WhiteElo "2523"]
[BlackElo "2622"]
[EventDate "2013.05.05"]
[PlyCount "103"]

1.e4 e5 2.Nf3 Nc6 3.Bb5 a6 4.Ba4 Nf6 5.O-O Be7 6.Re1 b5 7.Bb3 O-O 8.a4 b4 
9.d4 d6 10.dxe5 dxe5 11.Qxd8 Rxd8 12.Bg5 Na5 13.Nbd2 h6 14.Bxf6 Bxf6 15.
Bd5 c6 16.Ba2 Ra7 17.Nc4 Nxc4 18.Bxc4 Rad7 19.Re3 Bb7 20.Rd3 c5 21.Re1 Bc6
22.b3 Bb7 23.Re2 Kf8 24.Red2 Ke7 25.Rxd7+ Rxd7 26.Rxd7+ Kxd7 27.Bd3 Ke6 
28.Nd2 g6 29.Nc4 Bd8 30.Kf1 a5 31.Ke2 f5 32.exf5+ Kf6 33.f3 gxf5 34.Bxf5 
Bxf3+ 35.Kxf3 Kxf5 36.Ne3+ Kg5 37.Ke4 h5 38.Nc4 Bc7 39.Nxe5 Kf6 40.Nf3 Ke6
41.g3 Kf6 42.Ng1 Kg5 43.Nh3+ Kg4 44.Nf2+ Kg5 45.Kf3 Kf5 46.Ne4 Bb6 47.Nd6+
Ke6 48.Nc4 Bd8 49.Ke4 Bc7 50.Ne3 Bd8 51.Nd5 Kd6 52.h4 1-0

[Event "14th EUR-ch"]
[Site "Legnica POL"]
[Date "2013.05.09"]
[Round "5"]
[White "Gallagher, Joseph"]
[Black "Lenic, Luka"]
[Result "1/2-1/2"]
[WhiteElo "2507"]
[BlackElo "2621"]
[EventDate "2013.05.05"]
[PlyCount "134"]

1.e4 c6 2.d4 d5 3.Nc3 dxe4 4.Nxe4 Bf5 5.Ng3 Bg6 6.Nf3 Nd7 7.Bc4 e6 8.O-O 
Ngf6 9.Re1 Bd6 10.Ne5 Qc7 11.Qe2 Nd5 12.h4 Bxe5 13.dxe5 h6 14.b3 O-O 15.
Bb2 N7b6 16.Bd3 Nf4 17.Qg4 Nxd3 18.cxd3 Rfd8 19.d4 Nd5 20.h5 Bh7 21.Ne4 
Kh8 22.Qg3 Qe7 23.Nd6 Rd7 24.Ba3 Qd8 25.Qf3 Kg8 26.Qg4 a5 27.Bc1 Kh8 28.
Bd2 a4 29.Qf3 Kg8 30.Qg4 Kf8 31.Qg3 Qb6 32.Red1 Bc2 33.Rdc1 Qxd4 34.Be3 
Qd3 35.Nc4 Qe2 36.Nb6 Nxb6 37.Bxb6 axb3 38.axb3 Rxa1 39.Rxa1 Rd1+ 40.Rxd1 
Qxd1+ 41.Kh2 Qxh5+ 42.Kg1 Qd1+ 43.Kh2 Bxb3 44.f3 Qd2 45.Bc5+ Kg8 46.Be7 
Bc2 47.Qg4 Qd5 48.Bd6 c5 49.Qh4 c4 50.Qe7 Bg6 51.Qc7 b5 52.Bb4 Kh7 53.Qd6 
h5 54.Kg3 Qd3 55.Qc5 Bf5 56.Qxb5 Qd4 57.Qc5 h4+ 58.Kh2 Qf4+ 59.Kg1 h3 60.
Be1 Bd3 61.Qf2 hxg2 62.Bd2 Qxe5 63.Qh4+ Kg6 64.Qg4+ Kh7 65.Qh4+ Kg6 66.
Qg4+ Kh7 67.Qh4+ Kg6 1/2-1/2